000 00374 a2200109 4500
001 ART_11455
005 20260410161857.0
008 260409a
245 1 0 _aCondiciones meteorológicas y rendimientos de cosecha gruesa en la provincia de Córdoba
100 1 _aSonnet, Fernando H.
773 0 _tRevista de Economía
_g- Nº 67 (abr./dic. 1992)
_wREV11077
999 _c25592
_d25592